Hutchison's Clinical Methods. (Record no. 6750)

MARC details
000 -LEADER
fixed length control field 00567nam a22002057a 4500
003 - CONTROL NUMBER IDENTIFIER
control field OSt
005 - DATE AND TIME OF LATEST TRANSACTION
control field 20251011020003.0
008 - FIXED-LENGTH DATA ELEMENTS--GENERAL INFORMATION
fixed length control field 210129b ||||| |||| 00| 0 eng d
020 ## - INTERNATIONAL STANDARD BOOK NUMBER
International Standard Book Number 0702016756
040 ## - CATALOGING SOURCE
Transcribing agency NLM
082 ## - DEWEY DECIMAL CLASSIFICATION NUMBER
Classification number WB100 S25h 1995
100 ## - MAIN ENTRY--PERSONAL NAME
Personal name by Edited by Michael, Swash; Hutchison, Robert.
9 (RLIN) 13852
245 ## - TITLE STATEMENT
Title Hutchison's Clinical Methods.
250 ## - EDITION STATEMENT
Edition statement 20th ed.
260 ## - PUBLICATION, DISTRIBUTION, ETC. (IMPRINT)
Place of publication, distribution, etc. London;
Name of publisher, distributor, etc. W.B. Saunders Co.;
Date of publication, distribution, etc. 1995
300 ## - PHYSICAL DESCRIPTION
Extent xi,489p;
Other physical details col.ill:
Dimensions 26.5cm
504 ## - BIBLIOGRAPHY, ETC. NOTE
Bibliography, etc Index included
650 ## - SUBJECT ADDED ENTRY--TOPICAL TERM
Topical term or geographic name as entry element Clinical methods
9 (RLIN) 11349
942 ## - ADDED ENTRY ELEMENTS (KOHA)
Source of classification or shelving scheme Other/Generic Classification Scheme
Koha item type Book Bank
Koha issues (borrowed), all copies 1
Holdings
Withdrawn status Lost status Source of classification or shelving scheme Damaged status Not for loan Home library Current library Date acquired Source of acquisition Inventory number Total Checkouts Full call number Barcode Checked out Date last seen Date last checked out Koha item type
    Other/Generic Classification Scheme     MUST Main Library MUST Main Library 29/01/2021 Purchase 11/34767 7 WB100 S25h 1995 2021-0010 25/11/2025 10/10/2025 10/10/2025 Book Bank